Statistics for Top 10 Non-English Languages of Los Angeles

Click here to take the quiz!

General Stats

  • This quiz has been taken 23,883 times
  • The average score is 6 of 10

Answer Stats

% Language % Correct
39.5Spanish
100%
3.8Chinese
93%
0.6Japanese
84%
2.0Korean
70%
0.5Russian
70%
0.5Arabic
68%
0.9Vietnamese
59%
2.5Tagalog
51%
0.8Persian
34%
1.8Armenian
14%

Score Distribution

Percentile by Number Answered

Percent of People with Each Score

Your Score History

You have not taken this quiz